| 000 -ლიდერი |
| ფიქსირებული სიგრძის საკონტროლო ველი |
01509nam a22002177a 4500 |
| 003 - საკონტროლო ნომრის იდენტიფიკატორი |
| საკონტროლო ველი |
Ge_BSU |
| 005 - ბოლო ოპერაციის თარიღი და დრო |
| საკონტროლო ველი |
20230522115013.0 |
| 008 - ფიქსირებული სიგრძის მონაცემთა ელემენტები - ზოგადი ინფორმაცია |
| ფიქსირებული სიგრძის საკონტროლო ველი |
230519s2014 ge ||||| |||| 00| 0 geo d |
| 020 ## - წიგნის საერთაშორისო სტანდარტული ნომერი |
| International Standard Book Number |
1987-9970 |
| 041 ## - ენის კოდი |
| Language code of text/sound track or separate title |
geo |
| 080 ## - უნივერსალური ათობითი კლასიფიკაციის ინდექსი |
| Universal Decimal Classification number |
94(479.22)(063) ს-32 |
| 245 ## - ცნობა სათაურის შესახებ |
| Title |
საქართველოს ისტორიის ინსტიტუტი შრომები = Institute of History Proceedings / |
| Statement of responsibility, etc |
რედ. თედო დუნდუა, ალექსანდრე ბოშიშვილი; ივანე ჯავახიშვილის სახელობის თბილისის სახელმწიფო უნივერსიტეტი, ჰუმანიტარულ მეცნიერებათა ფაკულტეტი. |
| 264 ## - წარმოების, გამოცემის, დისტრიბუციის და სხვა ცნობები |
| გამოცემის, წარმოების, დისტრიბუციის... ადგილი |
თბილისი : |
| გამოცემის, წარმოების, დისტრიბუციის... სახელწოდება |
თსუ, |
| გამოცემის, წარმოების, დისტრიბუციის... თარიღი |
2018. |
| 300 ## - ფიზიკური აღწერა |
| Extent |
512 გვ.; |
| Other physical details |
24 სმ. |
| 653 ## - INDEX TERM--UNCONTROLLED |
| Uncontrolled term |
შრომები |
| 653 ## - INDEX TERM--UNCONTROLLED |
| Uncontrolled term |
ისტორიის ინსტიტუტი |
| 700 ## - ADDED ENTRY--PERSONAL NAME |
| Personal name |
დუნდუა, თედო |
| Relator term |
რედაქტორი |
| 9 (RLIN) |
3483 |
| 700 ## - ADDED ENTRY--PERSONAL NAME |
| Personal name |
ბოშიშვილი, ალექსანდრე |
| Relator term |
რედაქტორი |
| 9 (RLIN) |
18149 |
| 710 ## - ADDED ENTRY--CORPORATE NAME |
| Corporate name or jurisdiction name as entry element |
ივანე ჯავახიშვილის სახელობის თბილისის სახელმწიფო უნივერსიტეტი |
| Subordinate unit |
ჰუმანიტარულ მეცნიერებათა ფაკულტეტი |
| 9 (RLIN) |
18150 |
| 942 ## - ADDED ENTRY ELEMENTS (KOHA) |
| Source of classification or shelving scheme |
|
| Koha item type |
წიგნი |